- Jiménez Mabarak, Carlos,
Entry Nombre Personal
001 - NUMERO DE CONTROL
- campo de control: 51772
003 - IDENTIFICADOR DE NUMERO DE CONTROL
- campo de control: DLC
005 - FECHA Y HORA DE LA ÜLTIMA TRANSACCIÓN
- campo de control: 20240429122854.0
008 - DATOS DE LONGITUD FIJA
- campo de control de longitud fija: 830721n| azannaabn |a aaa
010 ## - NÚMERO DE CONTROL DE LA BIBLIOTECA DEL CONGRESO
- Número de control LC: n 83127189
035 ## - NUMERO DE CONTROL
- Número de control: (OCoLC)oca00961456
040 ## - FUENTE DE CATALOGACIÓN
- Agencia original de catalogación: DLC
- Lenguaje de catalogación: spa
- Description conventions: rda
- Agencia de transcripción: DLC
- Agencia que lo modifica: NIC
- Agencia que lo modifica: PPi-MA
- Agencia que lo modifica: OCoLC
- Agencia que lo modifica: TxU-Mu
- Agencia que lo modifica: IEN-Mu
- Agencia que lo modifica: TxHU
- Agencia que lo modifica: MX-MxUPN
046 ## - FECHAS CON CODIFICACIÓN ESPECIAL
- Fecha de nacimiento: 1916
- Fecha de muerte: 1994
100 1# - ENCABEZAMIENTO - NOMBRE PERSONAL
- Nombre personal: Jiménez Mabarak, Carlos,
- Fechas asociadas con el nombre: 1916-1994
370 ## - LUGAR ASOCIADO
- Associated country: Mexico
- Fuente del término: naf
372 ## - CAMPO DE ACTIVIDAD
- Field of activity: Musica
374 ## - OCUPACIÓN
- Occupation: Compositores
400 1# - VEÁSE - NOMBRE DE PERSONA
- Personal name: Mabarak, Carlos Jiménez,
- Dates associated with a name: 1916-1994
400 1# - VEÁSE - NOMBRE DE PERSONA
- Personal name: Mabarak,
- Dates associated with a name: 1916-1994
400 1# - VEÁSE - NOMBRE DE PERSONA
- Personal name: Jiménez Mabarack, Carlos,
- Dates associated with a name: 1916-1994
400 1# - VEÁSE - NOMBRE DE PERSONA
- Personal name: Mabarack, Carlos Jiménez,
- Dates associated with a name: 1916-1994
670 ## - FUENTE EN LA QUE SE LOCALIZARON DATOS
- Cita de la fuente: Classical music of Mexico [SR] c1982 (a.e.)
- Información localizada: label (Mabarak) container (Carlos Jiménez Mabarak, b. 1916)
670 ## - FUENTE EN LA QUE SE LOCALIZARON DATOS
- Cita de la fuente: LC manual auth. cd.
- Información localizada: (hdg.: Jiménez Mabarak, Carlos)
670 ## - FUENTE EN LA QUE SE LOCALIZARON DATOS
- Cita de la fuente: Jiménez Mabarak & Chávez [SR] p1996:
- Información localizada: container (Carlos Jiménez Mabarack (1916-1994))
670 ## - FUENTE EN LA QUE SE LOCALIZARON DATOS
- Cita de la fuente: Incaciones II & III, 2016:
- Información localizada: envase (Carlos Jiménez Mabarack)
670 ## - FUENTE EN LA QUE SE LOCALIZARON DATOS
- Cita de la fuente: La Güera, 1991 :
- Información localizada: portada (Carlos Jiménez Mabarak)
902 ## - CATALOGADOR
- Catalogador: VíctorGodínez/290424
